<?xml version="1.0" encoding="UTF-8"?>
<record
    xmlns:xsi="http://www.w3.org/2001/XMLSchema-instance"
    xsi:schemaLocation="http://www.loc.gov/MARC21/slim http://www.loc.gov/standards/marcxml/schema/MARC21slim.xsd"
    xmlns="http://www.loc.gov/MARC21/slim">

  <leader>02285nam a2200241Ia 4500</leader>
  <controlfield tag="003">Ost</controlfield>
  <controlfield tag="005">20260507075110.0</controlfield>
  <controlfield tag="008">260507s9999||||xx |||||||||||||| ||und||</controlfield>
  <datafield tag="040" ind1=" " ind2=" ">
    <subfield code="c">fsecg</subfield>
  </datafield>
  <datafield tag="041" ind1=" " ind2=" ">
    <subfield code="a">ara</subfield>
  </datafield>
  <datafield tag="082" ind1=" " ind2=" ">
    <subfield code="a">330</subfield>
  </datafield>
  <datafield tag="100" ind1=" " ind2=" ">
    <subfield code="a">&#x627;&#x644;&#x634;&#x646;&#x648;&#x627;&#x646;&#x64A;&#x60C; &#x635;&#x644;&#x627;&#x62D;</subfield>
    <subfield code="e">&#x645;&#x624;&#x644;&#x641;</subfield>
  </datafield>
  <datafield tag="245" ind1=" " ind2="0">
    <subfield code="a">&#x627;&#x642;&#x62A;&#x635;&#x627;&#x62F;&#x64A;&#x627;&#x62A; &#x627;&#x644;&#x627;&#x639;&#x645;&#x627;&#x644; /</subfield>
    <subfield code="c"> &#x635;&#x644;&#x627;&#x62D; &#x627;&#x644;&#x634;&#x646;&#x648;&#x627;&#x646;&#x64A;</subfield>
  </datafield>
  <datafield tag="260" ind1=" " ind2=" ">
    <subfield code="a">&#x627;&#x644;&#x627;&#x633;&#x643;&#x646;&#x62F;&#x631;&#x64A;&#x629;: </subfield>
    <subfield code="b">&#x634;&#x631;&#x643;&#x629; &#x62C;&#x644;&#x627;&#x644; &#x644;&#x644;&#x637;&#x628;&#x627;&#x639;&#x629;, </subfield>
    <subfield code="c">2000</subfield>
  </datafield>
  <datafield tag="300" ind1=" " ind2=" ">
    <subfield code="a">318  &#x635;&#x641;&#x62D;&#x629;&#x61B; </subfield>
    <subfield code="c">22 &#x633;&#x645;</subfield>
  </datafield>
  <datafield tag="520" ind1=" " ind2=" ">
    <subfield code="a">&#x647;&#x630;&#x627; &#x627;&#x644;&#x643;&#x62A;&#x627;&#x628; &#x647;&#x648; &#x645;&#x646; &#x625;&#x639;&#x62F;&#x627;&#x62F; &#x627;&#x644;&#x62F;&#x643;&#x62A;&#x648;&#x631; "&#x635;&#x644;&#x627;&#x62D; &#x627;&#x644;&#x634;&#x646;&#x648;&#x627;&#x646;&#x64A;" &#x623;&#x633;&#x62A;&#x627;&#x630; &#x625;&#x62F;&#x627;&#x631;&#x629; &#x627;&#x644;&#x623;&#x639;&#x645;&#x627;&#x644; &#x627;&#x644;&#x645;&#x633;&#x627;&#x639;&#x62F; &#x628;&#x643;&#x644;&#x64A;&#x629; &#x627;&#x644;&#x62A;&#x62C;&#x627;&#x631;&#x629; &#x628;&#x62C;&#x627;&#x645;&#x639;&#x629; &#x623;&#x633;&#x64A;&#x648;&#x637; &#x648;&#x62C;&#x627;&#x645;&#x639;&#x629; &#x628;&#x64A;&#x631;&#x648;&#x62A; &#x627;&#x644;&#x639;&#x631;&#x628;&#x64A;&#x629;&#x60C; &#x648;&#x641;&#x64A;&#x647; &#x64A;&#x62A;&#x62D;&#x62F;&#x62B; &#x639;&#x646; &#x627;&#x644;&#x62A;&#x62D;&#x644;&#x64A;&#x644; &#x627;&#x644;&#x627;&#x642;&#x62A;&#x635;&#x627;&#x62F;&#x64A; &#x644;&#x646;&#x638;&#x631;&#x64A;&#x627;&#x62A; &#x627;&#x644;&#x631;&#x628;&#x62D; &#x648;&#x627;&#x644;&#x645;&#x646;&#x627;&#x641;&#x633;&#x629; &#x648;&#x627;&#x644;&#x637;&#x644;&#x628; &#x648;&#x627;&#x644;&#x62A;&#x643;&#x644;&#x641;&#x629; &#x648;&#x627;&#x644;&#x623;&#x633;&#x639;&#x627;&#x631; &#x648;&#x63A;&#x64A;&#x631;&#x647;&#x627; &#x648;&#x630;&#x644;&#x643; &#x645;&#x646; &#x62E;&#x644;&#x627;&#x644; &#x627;&#x639;&#x62A;&#x645;&#x627;&#x62F;&#x647; &#x639;&#x644;&#x649; &#x627;&#x644;&#x637;&#x631;&#x642; &#x627;&#x644;&#x62D;&#x62F;&#x64A;&#x62B;&#x629; &#x641;&#x64A; &#x627;&#x644;&#x627;&#x642;&#x62A;&#x635;&#x627;&#x62F; &#x627;&#x644;&#x631;&#x64A;&#x627;&#x636;&#x64A; &#x648;&#x628;&#x62D;&#x648;&#x62B; &#x627;&#x644;&#x633;&#x648;&#x642;&#x60C; &#x643;&#x645;&#x627; &#x648;&#x64A;&#x631;&#x643;&#x632; &#x645;&#x646; &#x62F;&#x631;&#x627;&#x633;&#x62A;&#x647; &#x644;&#x645;&#x642;&#x631;&#x631; &#x627;&#x642;&#x62A;&#x635;&#x627;&#x62F;&#x64A;&#x627;&#x62A; &#x627;&#x644;&#x623;&#x639;&#x645;&#x627;&#x644; &#x639;&#x644;&#x649; &#x62A;&#x644;&#x643; &#x627;&#x644;&#x646;&#x638;&#x631;&#x64A;&#x627;&#x62A; &#x627;&#x644;&#x62A;&#x64A; &#x64A;&#x645;&#x643;&#x646; &#x642;&#x64A;&#x627;&#x633;&#x647;&#x627; &#x648;&#x62A;&#x637;&#x628;&#x64A;&#x642;&#x647;&#x627; &#x641;&#x64A; &#x627;&#x644;&#x645;&#x634;&#x627;&#x643;&#x644; &#x627;&#x644;&#x625;&#x62F;&#x627;&#x631;&#x64A;&#x629;&#x60C; &#x643;&#x645;&#x627; &#x648;&#x631;&#x643;&#x632; &#x639;&#x644;&#x649; &#x627;&#x644;&#x623;&#x648;&#x62C;&#x647; &#x627;&#x644;&#x631;&#x626;&#x64A;&#x633;&#x64A;&#x629; &#x641;&#x642;&#x637; &#x645;&#x646; &#x627;&#x642;&#x62A;&#x635;&#x627;&#x62F;&#x64A;&#x627;&#x62A; &#x627;&#x644;&#x645;&#x634;&#x631;&#x648;&#x639;&#x60C; &#x648;&#x628;&#x627;&#x644;&#x627;&#x62E;&#x62A;&#x635;&#x627;&#x631; &#x641;&#x625;&#x646; &#x627;&#x644;&#x645;&#x624;&#x644;&#x641; &#x633;&#x64A;&#x62D;&#x627;&#x648;&#x644; &#x641;&#x64A; &#x62F;&#x631;&#x627;&#x633;&#x62A;&#x647; &#x647;&#x630;&#x647; &#x625;&#x64A;&#x62C;&#x627;&#x62F; &#x62A;&#x643;&#x627;&#x645;&#x644; &#x628;&#x64A;&#x646; &#x627;&#x644;&#x639;&#x62F;&#x64A;&#x62F; &#x645;&#x646; &#x627;&#x644;&#x645;&#x628;&#x627;&#x62F;&#x626; &#x648;&#x627;&#x644;&#x646;&#x638;&#x631;&#x64A;&#x627;&#x62A; &#x645;&#x646; &#x645;&#x64A;&#x627;&#x62F;&#x64A;&#x646; &#x645;&#x62E;&#x62A;&#x644;&#x641;&#x629;&#x60C; &#x648;&#x645;&#x646; &#x62E;&#x644;&#x627;&#x644; &#x627;&#x644;&#x62C;&#x648;&#x627;&#x646;&#x628; &#x627;&#x644;&#x62A;&#x64A; &#x644;&#x647;&#x627; &#x627;&#x62A;&#x635;&#x627;&#x644; &#x628;&#x627;&#x644;&#x645;&#x634;&#x627;&#x643;&#x644; &#x627;&#x644;&#x62E;&#x627;&#x635;&#x629; &#x628;&#x627;&#x62A;&#x62E;&#x627;&#x630; &#x627;&#x644;&#x642;&#x631;&#x627;&#x631;&#x627;&#x62A; &#x648;&#x631;&#x633;&#x645; &#x627;&#x644;&#x633;&#x64A;&#x627;&#x633;&#x627;&#x62A; &#x639;&#x644;&#x649; &#x645;&#x633;&#x62A;&#x648;&#x649; &#x627;&#x644;&#x645;&#x634;&#x631;&#x648;&#x639;&#x60C; &#x648;&#x633;&#x64A;&#x643;&#x648;&#x646; &#x63A;&#x631;&#x636;&#x647; &#x645;&#x646; &#x647;&#x630;&#x647; &#x627;&#x644;&#x62F;&#x631;&#x627;&#x633;&#x629; &#x631;&#x641;&#x639; &#x643;&#x641;&#x627;&#x64A;&#x629; &#x627;&#x644;&#x645;&#x634;&#x631;&#x648;&#x639; &#x641;&#x64A; &#x62A;&#x62D;&#x642;&#x64A;&#x642; &#x623;&#x647;&#x62F;&#x627;&#x641;&#x647; &#x641;&#x643;&#x627;&#x646;  &#x639;&#x631;&#x636;&#x647; &#x643;&#x627;&#x644;&#x62A;&#x627;&#x644;&#x64A; :   1- &#x627;&#x644;&#x623;&#x631;&#x628;&#x627;&#x62D;   2- &#x627;&#x644;&#x645;&#x646;&#x627;&#x641;&#x633;&#x629;  3- &#x62A;&#x639;&#x62F;&#x62F; &#x648;&#x62A;&#x646;&#x648;&#x639; &#x627;&#x644;&#x633;&#x644;&#x639;   4- &#x646;&#x638;&#x631;&#x64A;&#x629; &#x627;&#x644;&#x637;&#x644;&#x628;   5- &#x627;&#x644;&#x62A;&#x643;&#x644;&#x641;&#x629;   6- &#x646;&#x638;&#x631;&#x64A;&#x629; &#x627;&#x644;&#x627;&#x633;&#x639;&#x627;&#x631;   7- &#x627;&#x62A;&#x62E;&#x627;&#x630; &#x627;&#x644;&#x642;&#x631;&#x627;&#x631;&#x627;&#x62A; &#x639;&#x644;&#x649; &#x645;&#x633;&#x62A;&#x648;&#x649; &#x627;&#x644;&#x627;&#x62F;&#x627;&#x631;&#x629; &#x627;&#x644;&#x639;&#x644;&#x64A;&#x627;</subfield>
  </datafield>
  <datafield tag="653" ind1=" " ind2=" ">
    <subfield code="a">&#x627;&#x642;&#x62A;&#x635;&#x627;&#x62F;&#x64A;&#x627;&#x62A; &#x627;&#x644;&#x623;&#x639;&#x645;&#x627;&#x644;</subfield>
  </datafield>
  <datafield tag="653" ind1=" " ind2=" ">
    <subfield code="a">&#x627;&#x644;&#x62A;&#x643;&#x644;&#x641;&#x629;</subfield>
  </datafield>
  <datafield tag="653" ind1=" " ind2=" ">
    <subfield code="a">&#x627;&#x644;&#x645;&#x646;&#x627;&#x641;&#x633;&#x629;</subfield>
  </datafield>
  <datafield tag="653" ind1=" " ind2=" ">
    <subfield code="a">&#x633;&#x64A;&#x627;&#x633;&#x627;&#x62A; &#x627;&#x644;&#x623;&#x631;&#x628;&#x627;&#x62D;</subfield>
  </datafield>
  <datafield tag="653" ind1=" " ind2=" ">
    <subfield code="a">&#x646;&#x638;&#x631;&#x64A;&#x629; &#x627;&#x644;&#x637;&#x644;&#x628;</subfield>
  </datafield>
  <datafield tag="942" ind1=" " ind2=" ">
    <subfield code="c">&#x643;&#x62A;&#x627;&#x628;</subfield>
  </datafield>
  <datafield tag="952" ind1=" " ind2=" ">
    <subfield code="0">0</subfield>
    <subfield code="1">0</subfield>
    <subfield code="2">ddc</subfield>
    <subfield code="4">0</subfield>
    <subfield code="7">-1</subfield>
    <subfield code="a">fsecg</subfield>
    <subfield code="b">fsecg</subfield>
    <subfield code="d">2026-05-07</subfield>
    <subfield code="h">&#x627;&#x644;&#x637;&#x627;&#x628;&#x642; &#x627;&#x644;&#x623;&#x631;&#x636;&#x64A;</subfield>
    <subfield code="i">1494/1</subfield>
    <subfield code="l">0</subfield>
    <subfield code="o">&#x623;/1494&#x646;1</subfield>
    <subfield code="p">1494/1</subfield>
    <subfield code="r">2026-05-07 07:51:10</subfield>
    <subfield code="w">2026-05-07</subfield>
    <subfield code="y">&#x643;&#x62A;&#x627;&#x628;</subfield>
  </datafield>
  <datafield tag="999" ind1=" " ind2=" ">
    <subfield code="c">42891</subfield>
    <subfield code="d">42891</subfield>
  </datafield>
</record>
